| 000 | 00549nam a22001937a 4500 | ||
|---|---|---|---|
| 003 | PILC | ||
| 005 | 20151028083511.0 | ||
| 008 | 130925t xxu||||| |||| 00| 0 eng d | ||
| 020 | _a9788179874202 | ||
| 050 |
_aTT 870.5 _b.Mo697 v.5 |
||
| 100 |
_aMohini, Mudit _921634 |
||
| 245 |
_aOrigami : _bthe art of paper folding V / _cMudit Mohini. |
||
| 260 |
_aNew Delhi : _bVishv Vijay pte. Ltd. |
||
| 300 |
_a32 p. : _bill. col. ; _c28 cm. |
||
| 651 |
_aOrigami _921635 |
||
| 651 |
_aorigami _xbasics _921648 |
||
| 942 |
_2lcc _cBK |
||
| 999 |
_c12098 _d12098 |
||